| 000 | 006650000a22002170004500 | ||
|---|---|---|---|
| 003 | LK-CoMWRAF | ||
| 005 | 20231115143949.0 | ||
| 008 | 230817t1998 ||||| |||| 00| 0 eng d | ||
| 020 | _a9068326333 | ||
| 040 |
_aLK-CoMWRAF _dLK-CoMWRAF _eLK-CoMWRAF |
||
| 041 | _aeng | ||
| 082 |
_a305.3 _bGEN |
||
| 245 |
_aGender training: _bthe source book |
||
| 260 |
_aAmsterdam: _bRoyal Tropical Institute, _c1998 |
||
| 300 | _a176 p. ; 24 cm | ||
| 490 | _acritical review and annotated bibliographies | ||
| 650 | _aSEX ROLE-Developing countries | ||
| 650 | _aWomen in development--Developing countries | ||
| 650 | _aSocial planning--Developing countries | ||
| 942 | _cBK | ||
| 999 |
_c2940 _d2940 |
||